000 01149pam a2200325 a 4500
005 20260322212015.0
008 data
010 _a 96034682
020 _a067941567X
020 _a9780679415671
040 _aDLC
_cDLC
_dDLC
043 _an-us---
050 0 0 _aML3524
_b.D39 1997
082 0 0 _a781.642/0973
_220
092 _a781.642 D39 1997
100 1 _aDawidoff, Nicholas.
245 1 0 _aIn the country of country :
_bpeople and places in American music /
_cNicholas Dawidoff.
250 _a1st ed.
260 _aNew York :
_bPantheon Books,
_cc1997.
300 _ax, 371 p. :
_bill., maps ;
_c25 cm.
500 _aMaps on lining papers.
504 _aIncludes bibliographical references and index.
650 0 _aCountry music
_xHistory and criticism.
650 0 _aCountry musicians
_zUnited States.
856 4 2 _3Publisher description
_uhttp://www.loc.gov/catdir/description/random049/96034682.html
906 _a7
_bcbc
_corignew
_d1
_eocip
_f19
_gy-gencatlg
991 _bc-Music
_hML3524
_i.D39 1997
_p00058142748
_tCopy 1
_wBOOKS
001 data
999 _c312
_d312